LEADER 02664nam0 22005173i 450 001 BVEE014969 005 20170908093201.0 012 $a++++ ++++ heha melo (3) 1562 (R)$2fei 100 $a20150717d1562 ||||0itac50 ba 101 | $aita 102 $ait 181 1$6z01$ai $bxxxe 182 1$6z01$an 200 1 $a\Leggendario delle vite de santi composto da Iacopo de Voragine e tradotto in volgare da Nicolò Manerbi! 210 $eIn Venetia$gappresso Girolamo Scotto$h1562 215 $a\16?!, 842 \i.e. 846, 2! p.$d4º 300 $aMarca in fine 300 $aCors. ; rom 300 $aSegn.: + A⁸B-2F⁴2G-3X⁸ 300 $aRipetute nella numerazione le p. 671-672 300 $aIniziali xil. 316 $a1 v.; mancano i fascicoli +⁸ A⁸B-D⁴ F-G⁴, 3S-3X⁸, e le cc. E1, E4, 3R7-8. - Restaurato nel 1996.$5IT-NA0074, SM 5C 00070 500 10$aLegenda aurea.$3BVEE004242$9CFIV019226$9872529 620 $dVenezia$3SBLL003553 700 0$aJacobus : de Voragine$3CFIV019226$4070$0485003 702 1$aManerbi$b, Niccolò$f $3BVEV022605 712 02$aScoto, Girolamo$3BVEV016879$4650 790 1$aMalerbi$b, Niccolò$3BVEV022642$zManerbi, Niccolò 790 1$aMalermi$b, Niccolò$3BVEV032361$zManerbi, Niccolò 790 0$aJacopo : da Varagine$3CFIV021707$zJacobus : de Voragine 790 0$aJacopo : da Varazze$3CFIV139798$zJacobus : de Voragine 790 0$aIacopo : da Varazze$3CFIV139799$zJacobus : de Voragine 790 0$aJacques : de Voragine$3MILV194093$zJacobus : de Voragine 790 0$aSantiago : de la Voragine$3TO0V260437$zJacobus : de Voragine 790 0$aJacobus : de Varagine$3VEAV040075$zJacobus : de Voragine 790 0$aIacopo : da Varagine$3VEAV448420$zJacobus : de Voragine 791 02$aScotti, Girolamo$3BVEV054130$zScoto, Girolamo 791 02$aScotto, Girolamo$3MILV339066$zScoto, Girolamo 791 02$aScotus, Hieronymus$3MUSV060174$zScoto, Girolamo 801 3$aIT$bIT-NA0079$c20150717 850 $aIT-NA0074 912 $aBVEE014969 950 0$aBiblioteca Provinciale Laurenziana$b1 esemplare (mancano i fascicoli +⁸ A⁸B-D⁴ F-G⁴, 3S-3X⁸, e le cc. E1, E4, 3R7-8)$c1 v.$d 91SM 5C 00070$e 91ANT0000022975 M 1 v.; mancano i fascicoli +⁸ A⁸B-D⁴ F-G⁴, 3S-3X⁸, e le cc. E1, E4, 3R7-8. - Restaurato nel 1996.$fZ $h20150717$i20150717$lmancano i fascicoli +⁸ A⁸B-D⁴ F-G⁴, 3S-3X⁸, e le cc. E1, E4, 3R7-8$mImperfezioni 977 $a 91 996 $aLegenda aurea$9872529 997 $aUNISANNIO